Central Library OPAC University of Rajshahi

Integration / (Record no. 54084)

MARC details
000 -LEADER
fixed length control field 00709nam a2200241 a 4500
001 - CONTROL NUMBER
control field 54084
003 - CONTROL NUMBER IDENTIFIER
rucl marc code BD-RjUL
005 - DATE AND TIME OF LATEST TRANSACTION
control field 20211209080054.0
008 - FIXED-LENGTH DATA ELEMENTS--GENERAL INFORMATION
fixed length control field 161101r19611947nju 000 0 eng
035 ## - SYSTEM CONTROL NUMBER
System control number (BD-RjUL)4206
040 ## - CATALOGING SOURCE
Original cataloging agency DLC
Transcribing agency CU-I
Modifying agency BD-RjUL
Language of cataloging eng
041 ## - LANGUAGE CODE
Language code of text/sound track or separate title eng
082 ## - DEWEY DECIMAL CLASSIFICATION NUMBER
Classification number 515.4
Edition number 23
Author mark and year MCI 1961
100 1# - MAIN ENTRY--PERSONAL NAME
Personal name McShane, E. J.
Fuller form of name (Edward James),
Dates associated with a name 1904-
9 (RLIN) 152224
245 10 - TITLE STATEMENT
Title Integration /
260 ## - PUBLICATION, DISTRIBUTION, ETC. (IMPRINT)
Place of publication, distribution, etc. London :
Name of publisher, distributor, etc. Princeton University Press,
Date of publication, distribution, etc. c1944 [Printing 1961].
300 ## - PHYSICAL DESCRIPTION
Pagination viii, 394 p.
Size 23 cm.
500 ## - GENERAL NOTE
General note Includes Index
650 #0 - SUBJECT ADDED ENTRY--TOPICAL TERM
Topical term or geographic name as entry element Calculus, Integral
9 (RLIN) 161478
Topical term or geographic name as entry element Integrals, Generalized.
9 (RLIN) 151799
942 ## - ADDED ENTRY ELEMENTS (KOHA)
Source of classification or shelving scheme Dewey Decimal Classification
Koha item type Books
Holdings
Lost status Source of classification or shelving scheme Damaged status Not for loan Collection code Permanent Location Current Location Shelving location Date acquired Source of acquisition Cost, normal purchase price Total Checkouts Full call number Date last seen Copy number Koha item type
  Dewey Decimal Classification     Non-fiction Central Library, University of Rajshahi Central Library, University of Rajshahi   26/01/1963 Zeitlinger 42.00   515.4 MCI 1961 01/11/2016 C-2 Books